XIII Congreso de la Sociedad Chilena de Fitopatología: libro de resúmenes
-д хадгалсан:
| Формат: | Ном |
|---|---|
| Хэл сонгох: | испани |
| Хэвлэсэн: |
Valparaíso
Pontificia Universidad Católica de Valparaíso
2003
|
| Нөхцлүүд: | |
| Шошгууд: |
Шошго нэмэх
Шошго байхгүй, Энэхүү баримтыг шошголох эхний хүн болох!
|
MARC
| LEADER | 00000nam a2200000 a 4500 | ||
|---|---|---|---|
| 001 | UCL3998 | ||
| 003 | CL-VaPUC | ||
| 005 | 20210902074759.0 | ||
| 008 | 031219e20030000cl 1 spa d | ||
| 082 | 0 | 4 | |a 632 |b CON |2 21 |
| 245 | 1 | 0 | |a XIII Congreso de la Sociedad Chilena de Fitopatología: libro de resúmenes |
| 260 | |a Valparaíso |b Pontificia Universidad Católica de Valparaíso |c 2003 | ||
| 300 | |a 100 h | ||
| 583 | |a last modification |c 20031219 00:00:00 |k Rodrigo Vera | ||
| 650 | 0 | 0 | |a Enfermedades de las plantas |9 259687 |
| 650 | 0 | 0 | |a Control de plagas |9 327373 |
| 650 | 0 | 0 | |a Fitopatología |9 340456 |
| 942 | |c BK | ||
| 945 | |a cmena |d 20031219 00:00:00 | ||
| 546 | |a En Español | ||
| 536 | |a Pontificia Universidad Católica de Valparaíso | ||
| 536 | |a Sociedad Chilena de Fitopatología | ||
| 518 | |p Congreso de la Sociedad Chilena de Fitopatología, 13, Maitencillo, 28 al 30 de octubre de 2003 | ||
| 999 | |c 383956 |d 383954 | ||
| 952 | |0 0 |1 0 |4 0 |6 632_000000000000000_CON_2003 |7 0 |8 A |9 506295 |a BIBAGR |b BIBAGR |d 2020-01-23 |i 3975894 |o 632 CON 2003 |p 3975894 |r 2025-01-20 |w 2020-01-23 |y BK |k AGR | ||